000 00375nam a2200145Ia 4500
008 151213s9999 xx 000 0 und d
100 _aJohn Reced
245 _aAdventures Of Young Man
_cJohn Reced
260 _aBerlin
_bSevenseas Publishers
300 _a11785 p.
650 _aEnglish Literature
650 _aEnglish Literature
700 _aJohn Reced
999 _c5029
_d5029